| 000 | 004460000a22001690004500 | ||
|---|---|---|---|
| 003 | MACL | ||
| 005 | 20160101172243.0 | ||
| 008 | 160101b xxu||||| |||| 00| 0 eng d | ||
| 040 |
_aMACL _cMACL |
||
| 041 | _aEnglish | ||
| 082 | _a370 | ||
| 245 |
_aHistory Geography and Social Studies _bA Summary of School Programmes in Fifty Three Countries |
||
| 260 |
_bUnesco _aParis |
||
| 350 | _a16 | ||
| 650 |
_aEducation _926781 |
||
| 942 |
_cBK _k370 _2ddc |
||
| 999 |
_c34868 _d34868 |
||